Du quantitatif dans le langage (Record no. 88325)

MARC details
000 -LEADER
campo de control de longitud fija 00702nam a2200205 i 4500
001 - NÚMERO DE CONTROL
campo de control 88325
003 - IDENTIFICADOR DE NÚMERO DE CONTROL
campo de control ES-MaACL
005 - FECHA Y HORA DE LA ÚLTIMA TRANSACCIÓN
campo de control 20230906175835.0
007 - CAMPO FIJO DE DESCRIPCIÓN FÍSICA--INFORMACIÓN GENERAL
campo de control de longitud fija t|
008 - DATOS DE LONGITUD FIJA--INFORMACIÓN GENERAL
campo de control de longitud fija 050104s1911 fr |||| | fre d
100 1# - ENTRADA PRINCIPAL--NOMBRE DE PERSONA
Nombre de persona La Grasserie, Raoul de.
9 (RLIN) 69156
245 10 - MENCIÓN DEL TÍTULO
Título Du quantitatif dans le langage
Resto del título : notamment de la catégorie du nombre /
Mención de responsabilidad, etc. par Raoul de La Grasserie.
260 ## - PUBLICACIÓN, DISTRIBUCIÓN, ETC.
Lugar de publicación, distribución, etc. Paris :
Nombre del editor, distribuidor, etc. Lib. H. le Soudier,
Fecha de publicación, distribución, etc. 1911.
300 ## - DESCRIPCIÓN FÍSICA
Extensión 164 p. ;
Dimensiones 19 cm.
490 1# - MENCIÓN DE SERIE
Mención de serie Études de linguistique et de psichologie linguistique
650 04 - PUNTO DE ACCESO ADICIONAL DE MATERIA--TÉRMINO DE MATERIA
Término de materia o nombre geográfico como elemento de entrada Psicolingüística.
9 (RLIN) 16539
830 0# - PUNTO DE ACCESO ADICIONAL DE SERIE-TÍTULO UNIFORME
Título uniforme Études de linguistique et de psichologie linguistique
9 (RLIN) 231827
852 ## - LOCALIZACIÓN
Ubicación ES-MaACL
Número de control de estantería D-2376
Holdings
Estatus retirado Estado de pérdida Estado de daño No para préstamo Biblioteca de origen Biblioteca actual Ubicación en estantería Fecha de adquisición Fuente de adquisición Total de préstamos Signatura topográfica completa Código de barras Visto por última vez Precio de reemplazo Tipo de ítem Koha
        Biblioteca del Ateneo de Madrid Biblioteca del Ateneo de Madrid Sala Valle Inclán 17/01/2008     D-2376 901092265 23/02/2023 23/02/2023 Libro impreso